000 00485nam a2200169Ia 4500
999 _c28158
_d28158
003 OSt
005 20260416152737.0
008 190216s9999||||xx |||||||||||||| ||und||
040 _coclc
082 _a100
_bYAT/V
100 _aYati, Nitya Chaitanya
_96870
245 0 _aVedanthaparichayam /
_cNithya Chaithanya Yati
260 _bPoorna Publication,
_aKozhikode:
_c1996.
300 _a614p
650 _aPhilosophy
942 _cBK
_2ddc
_h100
_iYAT/V
_k100
_mYAT/V